The Weeknd Trivia: lvl Medium - Statistics

General Stats
  • This quiz has been taken 48 times
  • The average score is 9 of 10
Answer Stats
Hint Answer % Correct
Interlude on Starboy featuring Lana Del Rey Stargirl Interlude
98%
Album featuring songs such as "Take my Breath" and "Out of Time" Dawn FM
95%
The Weeknd's real name Abel Tesfaye
93%
She asked me if I do this every day, I said ___ Often
88%
Album featuring "Call Out My Name" My Dear Melancholy
85%
TV show that The Weeknd acted on in 2023 The Idol
85%
City that The Weeknd was from Toronto
85%
Song on the Black Panther soundtrack featuring Kendrick Lamar Pray for Me
80%
I hope that you still ___ for me, like I ___ for you Cry
75%
Most popular song on House of Balloons Wicked Games
68%
No matching quizzes found
Score Distribution
Percent of People with Each Score
Percentile by Number Answered
Your Score History
You have not taken this quiz